Normal view MARC view
  • Compositores alemanes

Entry Materia

Number of records used in: 3

001 - NÚMERO DE CONTROL DEL REGISTRO

  • campo de control: 22399

003 - IDENTIFICADOR DE NUMERO DE CONTROL

  • campo de control: MX-MxUPN

005 - FECHA Y HORA DE LA ÚLTIMA TRANSACCIÓN

  • campo de control: 20241014100656.0

008 - DATOS DE LONGITUD FIJA

  • campo de control de longitud fija: 241014n||acnnnbabn n ana |d

035 ## - NÚMERO DE CONTROL DEL SISTEMA

  • Número de control del sistema: UPN10000022408

040 ## - FUENTE DE LA CATALOGACIÓN

  • Lengua de catalogación: spa
  • Agencia de transcripción: MX-MxUPN
  • Centro catalogador de origen: MX-MxUPN

150 ## - ENCABEZAMIENTO - TEMÁTICO

  • Término de materia o nombre geográfico como elemento inicial: Compositores alemanes
  • Subdivisión de forma: Biografía

670 ## - FUENTE EN LA QUE SE LOCALIZARON DATOS

  • Cita de la fuente: E/P
  • Información localizada: Compositores españoles

670 ## - FUENTE EN LA QUE SE LOCALIZARON DATOS

  • Cita de la fuente: Autoridades BGTQ, 14 octubre 2024 :
  • Información localizada: (Compositores alemas -- Bibliografía)

902 ## - CATALOGADOR

  • Catalogador: MITM/240913
  • Catalogador: MaríaRobles/141024